000 00693nam a2200229 a 4500
999 _c10910
_d10910
001 10910
003 BD-JhCC
005 20220829134022.0
008 190527b2014 bg |||| ||a| 000 0 ben d
020 _a9848413006
035 _a(BD-JhCC)10910
040 _aBD-JhCC
_dBD-JhCC
041 _aben
082 _a891.4435
_bTAG 2014
100 _aঠাকুর, রবীন্দ্রনাথ
245 _aগল্পগুচ্ছ /
_cরবীন্দ্রনাথ ঠাকুর
260 _aঢাকা,
_bশামস পাবলিকেশন্স;
_c২০১৪.
300 _a799 p. :
_c22 cm.
650 _ashort stories
942 _2ddc
_cBK
_05